Statystyki dla Kolorowe państwa świata

Kliknij tutaj aby rozwiązać quiz!

Ogólne statystyki

  • Ten quiz został rozwiązany 19 742 razy
  • Średni wynik to 127 z 196

Odpowiedzi na mapie

Odpowiedzi skodowane kolorowo w zielono-czerwonej skali na mapie do tego quizu, zgodnie z poniższymi procentami.
 

Statystyki odpowiedzi

Kraj% Poprawnych
Polska
96%
Rosja
94%
Stany Zjednoczone
94%
Kanada
92%
Niemcy
89%
Chiny
88%
Francja
88%
Meksyk
88%
Ukraina
88%
Brazylia
87%
Hiszpania
86%
Białoruś
85%
Dania
85%
Szwecja
85%
Włochy
85%
Australia
84%
Czechy
84%
Finlandia
84%
Litwa
84%
Norwegia
84%
Portugalia
84%
Wielka Brytania
84%
Łotwa
83%
Argentyna
82%
Estonia
82%
Irlandia
82%
Islandia
82%
Japonia
82%
Słowacja
82%
Belgia
81%
Grecja
81%
Holandia
81%
Indie
81%
Turcja
81%
Austria
80%
Chile
80%
Egipt
80%
Chorwacja
79%
Kazachstan
79%
Rumunia
79%
Szwajcaria
79%
Korea Północna
78%
Korea Południowa
78%
Słowenia
78%
Węgry
78%
Iran
77%
Republika
Południowej Afryki
77%
Albania
76%
Bośnia i Hercegowina
76%
Bułgaria
76%
Irak
76%
Madagaskar
76%
Mongolia
76%
Arabia Saudyjska
75%
Kuba
75%
Serbia
75%
Indonezja
74%
Luksemburg
74%
Maroko
74%
Mołdawia
74%
Nowa Zelandia
74%
Peru
74%
Kolumbia
73%
Kosowo
73%
Macedonia Północna
73%
Niger
73%
Urugwaj
73%
Watykan
73%
Czarnogóra
72%
Algieria
71%
Andora
71%
Boliwia
71%
Cypr
71%
Demokratyczna
Republika Konga
71%
Malta
71%
Nigeria
71%
Oman
70%
Wenezuela
70%
Izrael
69%
Liechtenstein
69%
Monako
69%
Pakistan
69%
Afganistan
68%
Dominika
68%
Kongo
68%
San Marino
68%
Ekwador
67%
Filipiny
67%
Libia
67%
Paragwaj
67%
Tajlandia
67%
Tunezja
67%
Wietnam
67%
Zjednoczone Emiraty
Arabskie
67%
Gruzja
66%
Jemen
66%
Panama
66%
Dominikana
65%
Sudan
65%
Uzbekistan
65%
Armenia
64%
Czad
64%
Katar
64%
Azerbejdżan
63%
Etiopia
63%
Nepal
63%
Syria
63%
Tadżykistan
63%
Turkmenistan
63%
Kenia
62%
Malezja
62%
Papua-Nowa Gwinea
62%
Somalia
62%
Sri Lanka
61%
Angola
60%
Bangladesz
60%
Gwinea
60%
Haiti
60%
Jamajka
60%
Kirgistan
60%
Laos
60%
Tajwan
60%
Gujana
59%
Jordania
59%
Kostaryka
59%
Liban
59%
Kambodża
58%
Sudan Południowy
58%
Zambia
58%
Honduras
57%
Mali
57%
Senegal
57%
Wybrzeże Kości
Słoniowej
57%
Bhutan
56%
Zimbabwe
56%
Kuwejt
55%
Malediwy
55%
Mjanma
55%
Surinam
55%
Tanzania
55%
Ghana
54%
Gwatemala
54%
Bahamy
53%
Erytrea
53%
Nikaragua
53%
Salwador
53%
Gwinea Równikowa
52%
Lesotho
52%
Mozambik
52%
Republika
Środkowoafrykańska
52%
Republika Zielonego
Przylądka
52%
Singapur
52%
Uganda
52%
Belize
51%
Botswana
51%
Fidżi
51%
Kamerun
51%
Mauretania
51%
Seszele
51%
Togo
51%
Liberia
50%
Mikronezja
50%
Bahrajn
49%
Namibia
49%
Wyspy Marshalla
49%
Wyspy Świętego
Tomasza i Książeca
49%
Gabon
48%
Gambia
47%
Gwinea Bissau
47%
Rwanda
47%
Wyspy Salomona
47%
Burkina Faso
46%
Dżibuti
46%
Eswatini
46%
Timor Wschodni
46%
Barbados
45%
Benin
45%
Brunei
44%
Kiribati
44%
Mauritius
44%
Trynidad i Tobago
44%
Komory
43%
Malawi
43%
Palau
43%
Antigua i Barbuda
42%
Burundi
42%
Nauru
42%
Saint Lucia
42%
Sierra Leone
42%
Tuvalu
42%
Vanuatu
42%
Samoa
40%
Tonga
40%
Saint Kitts i Nevis
39%
Saint Vincent i
Grenadyny
39%
Grenada
38%

Rozkład punktacji

Percentyl według liczby udzielonych odpowiedzi

Procent ludzi z każdym wynikiem

Twoja historia wyników

Nie rozwiązałeś tego quizu